| 000 | 00519nmm a2200169Ia 4500 | ||
|---|---|---|---|
| 008 | 251105s9999||||xx |||||||||||||||||und|| | ||
| 020 | _a9789587385007 | ||
| 041 | _aspa | ||
| 100 | _aAdolfo Chaparro Amaya | ||
| 245 | 0 | _aEl pensamiento Kuna o la utopía realmente existente | |
| 264 |
_a[Bogotá, Colombia] : _bUniversidad del Rosario, _c2014 |
||
| 300 | _a166 páginas | ||
| 490 | _aTextos de Ciencias Humanas | ||
| 650 | _aAnthropology | ||
| 856 | _uhttps://public.digitaliapublishing.com/a/46335 | ||
| 942 | _cCF | ||
| 999 |
_c95795 _d95795 |
||